Epildemiology: an introduction. (2nd ed.) (Record no. 63819)

MARC details
000 -LEADER
fixed length control field 01010nam a2200193 a 4500
008 - FIXED-LENGTH DATA ELEMENTS--GENERAL INFORMATION
fixed length control field 140415s2012 ||||||||||||||||| || u
020 ## - INTERNATIONAL STANDARD BOOK NUMBER
International Standard Book Number 9780199754557
050 ## - LIBRARY OF CONGRESS CALL NUMBER
Classification number RA 651 Rot
100 ## - MAIN ENTRY--PERSONAL NAME
Personal name Rothman, Kenneth J
245 10 - TITLE STATEMENT
Title Epildemiology: an introduction. (2nd ed.)
Statement of responsibility, etc. by Kenneth, J. Rothman.
250 ## - EDITION STATEMENT
Edition statement 2nd ed.
260 ## - PUBLICATION, DISTRIBUTION, ETC.
Place of publication, distribution, etc. New York:
Name of publisher, distributor, etc. Oxford University Press
Date of publication, distribution, etc. 2012
300 ## - PHYSICAL DESCRIPTION
Extent viii, 268p.; ill
650 ## - SUBJECT ADDED ENTRY--TOPICAL TERM
Topical term or geographic name entry element EPIDEMIOLOGY
650 #3 - SUBJECT ADDED ENTRY--TOPICAL TERM
Topical term or geographic name entry element EPIDEMIOLOGIC METHODS
995 ## -
-- MEDICAL LIBRARY OPEN ACCESS
-- 902410
-- CBU-SCHOOL OF MEDICINE LIBRARY (Ndola)
-- RA 651 Rot
-- 1
-- AVAILABLE
-- Apr 16, 2014
-- 902410
-- Medical Library Open Access Collection
995 ## -
-- MEDICAL LIBRARY OPEN ACCESS
-- 902411
-- CBU-SCHOOL OF MEDICINE LIBRARY (Ndola)
-- RA 651 Rot
-- 2
-- AVAILABLE
-- Apr 16, 2014
-- 902411
-- Medical Library Open Access Collection
995 ## -
-- MICHAEL CHILUFYA SATA OPEN ACCESS
-- 902412
-- CBU-SCHOOL OF MEDICINE LIBRARY (Ndola)
-- RA 651 Rot
-- 3
-- AVAILABLE
-- Apr 16, 2014
-- 902412
-- Medical Library Open Access Collection
999 ## -
-- 63819
-- 63819
Holdings
Withdrawn status Lost status Source of classification or shelving scheme Damaged status Not for loan Permanent Location Current Location Shelving location Date acquired Total Checkouts Full call number Barcode Date last seen Copy number Price effective from Koha item type
          CBU-MICHAEL CHILUFYA SATA LIBRARY CBU-MICHAEL CHILUFYA SATA LIBRARY   02/01/2023   RA 651 Rot 902412 02/01/2023 3 02/01/2023 MONOGRAPH
          CBU-SCHOOL OF MEDICINE LIBRARY, NDOLA. CBU-SCHOOL OF MEDICINE LIBRARY, NDOLA.   02/01/2023   RA 651 Rot 902410 02/01/2023 1 02/01/2023 MONOGRAPH
          CBU-SCHOOL OF MEDICINE LIBRARY, NDOLA. CBU-SCHOOL OF MEDICINE LIBRARY, NDOLA.   02/01/2023   RA 651 Rot 902411 02/01/2023 2 02/01/2023 MONOGRAPH